• 首页
  • 本馆介绍
  • 公告通知
  • 最新文献
  • 馆藏检索
  • 电子资源
  • 读者导购
  • 参考咨询
  • 我的图书馆
  • 登录
  • 详细信息显示
  • 放入我的书架
  • 预约/预借图书
  • 作者相关作品
  • 分类相关作品
  • 丛书相关作品
  • 出版社相关作品

书目信息

  • 表格格式
  • 工作单格式
  • 卡片格式
题名:
中华字海
    
 
作者: 冷玉龙 , 韦一心 主编
分册:  
出版信息: 北京   中华  1994
页数: 70,1784页
开本: 26cm
丛书名:
单 册:
中图分类: H163
科图分类:
主题词: 字典-汉字 , 汉字-字典
电子资源:
ISBN: 7-5057-0630-6
000 00755nam0 2200253 45
001 0195010610
005 20061030102604.76
010    @a7-5057-0630-6@b精装@dCNY168.00
100    @a19950205d1994 em y0chiy0121 ea
101 0  @achi
102    @aCN@b110000
105    @ay e 001yy
200 10 @a中华字海@AZHONG HUA ZI HAI@f冷玉龙,韦一心主编@FLENG YU LONG , WEI YI XIN ZHU BIAN
210    @a北京@c中华@c中国友谊@d1994
215    @a70,1784页@d26cm
330    @a本书收楷书汉语单字85568个,每字含注音、释义、举例等项。
540 1  @a字海@AZI HAI
606    @a字典-汉字
606    @a汉字-字典
690    @aH163@v三版
701  0 @a冷玉龙@ALENG YU LONG@4主编
701  0 @a韦一心@AWEI YI XIN@4主编
801  0 @aCN@bTSSF@c20061030
905    @a10447@dH163@e110
    
    中华字海/冷玉龙,韦一心主编.-北京:中华:中国友谊,1994
    70,1784页;26cm
    
    
    ISBN 7-5057-0630-6(精装):CNY168.00
    本书收楷书汉语单字85568个,每字含注音、释义、举例等项。
●
相关链接 在E读中查询图书 在五车中查询图书 在当当中查询图书 在豆瓣中查询图书


正题名:中华字海     索取号:H163/110         预约/预借

序号 登录号 条形码 馆藏地/架位号 状态 备注
1 0263799   202073399   第二样本阅览室/ [索取号:H163/110] 在馆    
唐山师范学院图书馆 欢迎您!
大连网信软件有限公司© 版权所有